000 00622nam a2200229 i 4500
001 C2-0277390
003 PPAK
005 20180728005438.0
008 070115s2006 nbu |||| ||||| | eng d
020 _a0595393020
040 _aPPAK
_beng
_cPPAK
_erda
082 0 4 _a821
_223
090 0 0 _a821
_bWER
_dLCK
245 0 0 _aWe're not kids anymore
_bcommon threads of urban youth
264 1 _aLincoln, Nebraska :
_biUniverse ,
_c2006
300 _axv, 145 pages ;
_c23 cm
336 _2rdacontent
_atext
337 _2rdamedia
_aunmediated
338 _2rdacarrier
_avolume
650 1 0 _aEnglish poetry.
942 _ddc
_cB
999 _c84606
_d84606